Statystyki dla Azjatyckie państwa z największą liczbą turystów

Kliknij tutaj aby rozwiązać quiz!

Ogólne statystyki

  • Ten quiz został rozwiązany 16 845 razy
  • Średni wynik to 7 z 10

Statystyki odpowiedzi

Liczba zwiedzającychPaństwo% Poprawnych
62.9 mChiny
99%
31.1 mJaponia
97%
17.4 mIndie
92%
15.3 mKorea Południowa
84%
38.3 mTajlandia
77%
15.5 mWietnam
66%
45.8 mTurcja
64%
15.3 mArabia Saudyjska
60%
15.9 mZjednoczone Emiraty Arabskie
59%
25.8 mMalezja
51%

Rozkład punktacji

Percentyl według liczby udzielonych odpowiedzi

Procent ludzi z każdym wynikiem

Twoja historia wyników

Nie rozwiązałeś tego quizu